Marvel or DC - Click Quiz - Statistics

General Stats
  • This quiz has been taken 10,770 times
    10,658 since last reset
  • The average score is 17 of 20
Answer Stats
Hint Answer % Correct
Spiderman
94%
Black Panther
94%
Batman
92%
Robin
91%
Lex Luthor
88%
Quicksilver
87%
Green Lantern
87%
Human Torch
84%
Black Adam
83%
Deathstroke
83%
Beast Boy
82%
Zatanna
81%
Galactus
80%
Jean Grey
80%
Deadshot
80%
Elektra
77%
Namor
75%
Juggernaut
75%
Cyclops
75%
Sinestro
72%
No matching quizzes found
Score Distribution
Percent of People with Each Score
Percentile by Number Answered
Your Score History
You have not taken this quiz since the last reset